Preview of the year (Record no. 78124)
[ view plain ]
| 000 -LEADER | |
|---|---|
| fixed length control field | 01049cab a2200241 4500 |
| 001 - CONTROL NUMBER | |
| control field | L136085 |
| 008 - FIXED-LENGTH DATA ELEMENTS--GENERAL INFORMATION | |
| fixed length control field | 070108n2007 000 0 eng u |
| 035 ## - SYSTEM CONTROL NUMBER | |
| System control number | (Sirsi) u136085 |
| 041 0# - LANGUAGE CODE | |
| Language code of text/sound track or separate title | eng |
| 100 1# - MAIN ENTRY--PERSONAL NAME | |
| Personal name | Barnard, Lucy |
| 245 00 - TITLE STATEMENT | |
| Title | Preview of the year |
| 260 ## - PUBLICATION, DISTRIBUTION, ETC. | |
| Date of publication, distribution, etc. | 2007 |
| 490 #0 - SERIES STATEMENT | |
| Series statement | Estates Gazette |
| Volume/sequential designation | (0701) 6 January 2007, 42-57(16) |
| 520 ## - SUMMARY, ETC. | |
| Summary, etc. | Considers the issues and trends that may shape 2007. Industry experts discuss the issues that will influence policy and the market. The proposed Climate Change Bill and energy white paper are expected to affect the property sector. Discusses the progress of large development schemes in London. Discusses the European property market, and how countries are expected to perform in 2007. The introduction of REITs could lead to a two tier market. |
| 590 ## - LOCAL NOTE (RLIN) | |
| Local note | KA |
| 651 #4 - SUBJECT ADDED ENTRY--GEOGRAPHIC NAME | |
| Geographic name | EUROPE |
| 690 ## - LOCAL SUBJECT ADDED ENTRY--TOPICAL TERM (OCLC, RLIN) | |
| Topical term or geographic name as entry element | PROPERTY-COMMERCIAL PROPERTY-COMMERCIAL PROPERTY MARKET |
| 700 1# - ADDED ENTRY--PERSONAL NAME | |
| Personal name | Rowe, Stephen |
| 700 1# - ADDED ENTRY--PERSONAL NAME | |
| Personal name | O'Connell, Bridget |
| 700 1# - ADDED ENTRY--PERSONAL NAME | |
| Personal name | Scott, Lucy |
| 700 1# - ADDED ENTRY--PERSONAL NAME | |
| Personal name | Cross, Nathan |
| 942 ## - ADDED ENTRY ELEMENTS (KOHA) | |
| Suppress in OPAC | 0 |
| Withdrawn status | Lost status | Source of classification or shelving scheme | Damaged status | Not for loan | Home library | Current library | Shelving location | Date acquired | Total Checkouts | Full call number | Barcode | Date last seen | Copy number | Price effective from | Koha item type |
|---|---|---|---|---|---|---|---|---|---|---|---|---|---|---|---|
| Dewey Decimal Classification | London | London | Journal article | 08/01/2007 | L136085 | 136085-1001 | 06/08/2019 | 1 | 06/08/2019 | Journal article |